Frankenstein /
Botched, banished, and broken, Victor Frankenstein’s creature is rejected by all mankind. But what happens when man decides to give life – and take responsibility- for a new being? There are consequences, casualties, and compounding revelations for Victor’s discovery. And for his decisions made alon...
Uloženo v:
| Hlavní autor: | |
|---|---|
| Médium: | E-kniha |
| Jazyk: | Czech |
| Vydáno: |
Praha :
Saga Egmont,
2024
|
| Tagy: |
Žádné tagy |
| LEADER | 01829nam a22002297i 4500 | ||
|---|---|---|---|
| 001 | 312430 | ||
| 007 | ta | ||
| 008 | 260601s2024 xr ||||| |||| 00| 0 cze d | ||
| 020 | |a 9990004064799 | ||
| 044 | |a xr | ||
| 100 | 1 | |a Shelley, Mary |4 aut | |
| 245 | 1 | 0 | |a Frankenstein / |c Shelley, Mary |
| 264 | 1 | |a Praha : |b Saga Egmont, |c 2024 | |
| 300 | |a 1 online zdroj (108 stran) | ||
| 336 | |a text |b txt |2 rdacontent | ||
| 337 | |a bez média |b n |2 rdamedia | ||
| 338 | |a online zdroj |b cr |2 rdacarrier | ||
| 520 | 2 | |a Botched, banished, and broken, Victor Frankenstein’s creature is rejected by all mankind. But what happens when man decides to give life – and take responsibility- for a new being? There are consequences, casualties, and compounding revelations for Victor’s discovery. And for his decisions made along the way. ‘Frankenstein’ is the perfect read for fans of Heather Parry\'s ´Orpheus Builds a Girl´, Ottessa Moshfegh\'s ´Lapnova´, and Netflix’s gloriously gothic ‘Wednesday’ series. Celebrated for her tense and thrilling sci-fi and gothic novels, Mary Wollstonecraft Shelley (1797-1851) wrote the widely renowned novel ‘Frankenstein’. Adapted to countless films and stage plays, her work trailblazed a new horror genre across arts and culture. Shelly’s other works include ‘Falkner’, ‘Mathilda’, and ‘The Last Man’. She remains today an internationally renowned novelist and a constant presence in pop culture. | |
| 910 | |a RBIT002 | ||
| 998 | |d 406479 |a https://core.palmknihy.cz/api/books/406479/cover?sev3ch |b https://core.palmknihy.cz/api/books/406479/cover/400?sev3ch |c https://core.palmknihy.cz/api/books/406479/cover/50?sev3ch |e |g 108 |i 9990004064799 |j https://core.palmknihy.cz/api/books/406479/preview.epub |l |q 49 |r 1 |s https://www.palmknihy.cz/kniha/406479 |t ebook |y 2024 |z 1 | ||
| 999 | |d 312428 | ||